000 00863nam0a22002651 4500
001 rc\856731
005 20041129092840.8
035 _a(NLR Aleph) 006036764
090 _a7585517
_c7585517
100 _a20041129d1983 u |0rusy50 ca
101 0 _arus
102 _aRU
105 _ay |||||||||
200 1 _aПотребности на стадии обмена
_eЛекция
210 _aМ.
_cМИНХ
_d1983
215 _a49 с.
_d20
300 _aВ надзаг.: Моск. ин-т нар. хоз-ва им. Г.В. Плеханова
320 _aБиблиогр.: с. 49 (15 назв.)
700 1 _aПолторак
_bГ. Н.
_gГалина Николаевна
701 1 _aСмирнов
_bК. А.
_gКим Алексеевич
801 0 _aRU
_bNLR
_gpsbo
801 1 _aRU
_bELAR
_2rusmarc
852 _aNLR
_j84-4/11436
942 _cBOOK
980 _aNB